| 000 | 00560nam a2200181 i 4500 | ||
|---|---|---|---|
| 001 | 37968 | ||
| 003 | ES-MaACL | ||
| 005 | 20250905063038.0 | ||
| 007 | t| | ||
| 008 | 030224s1956 sp ||||1| spa d | ||
| 100 | 1 |
_aCain, James M., _d1892-1977 _933470 |
|
| 245 | 1 | 0 |
_aPacto de sangre / _cJames M. Cain ; traducción de Manuel Barberá. |
| 260 |
_aBarcelona, etc. : _bE.D.H.A.S.A., _c[1956] ( _fManuel Ponsa) |
||
| 300 |
_a190 p. ; _c17 cm. |
||
| 700 | 1 |
_aBarberá, Manuel. _925419 |
|
| 852 |
_aES-MaACL _jC-11625 _bR.39666 |
||
| 999 |
_c37968 _d37968 |
||